Incoterms 1990.
| Format: | Book |
|---|---|
| Published: |
Paris:
ICC Publishing S.A,
1990.
|
| Subjects: |
| LEADER | 00387cam a2200145 7i4500 | ||
|---|---|---|---|
| 001 | 0000006478 | ||
| 005 | 19991025090000.0 | ||
| 002 | ##000008167 | ||
| 020 | 0 | 0 | |a 92-842-0087-3 |
| 090 | 0 | 0 | |a R 380.1 |b INC |
| 245 | 0 | 0 | |a Incoterms 1990. |
| 260 | 0 | 0 | |a Paris: |b ICC Publishing S.A, |c 1990. |
| 300 | 0 | 0 | |a 215 p.. |
| 650 | 0 | 0 | |a Trade -- |x Dictionaries |
| 999 | |a 0000009194 |b Book |c Open shelf |e Business Information Centre | ||


